Introduction à la linguistique contemporaine (notice n° 1567277)
[ vue normale ]
| 000 -LEADER | |
|---|---|
| fixed length control field | 00862cam a2200145 4500500 |
| 005 - DATE AND TIME OF LATEST TRANSACTION | |
| control field | 20251214002641.0 |
| 041 ## - LANGUAGE CODE | |
| Language code of text/sound track or separate title | fre |
| 042 ## - AUTHENTICATION CODE | |
| Authentication code | dc |
| 100 10 - MAIN ENTRY--PERSONAL NAME | |
| Personal name | Moeschler, Jacques |
| Relator term | author |
| 245 00 - TITLE STATEMENT | |
| Title | Introduction à la linguistique contemporaine |
| 260 ## - PUBLICATION, DISTRIBUTION, ETC. | |
| Name of publisher, distributor, etc. | Armand Colin,<br/> |
| Date of publication, distribution, etc. | 2023.<br/> |
| 520 ## - SUMMARY, ETC. | |
| Summary, etc. | La linguistique est la discipline qui a eu le plus d’influence sur le développement des sciences humaines au XXe siècle bien que son importance ait diminué au cours de ces dernières décennies, de par l’émergence de paradigmes scientifiques nouveaux (sciences cognitives, neurosciences) et l’abandon progressif de la coupure entre sciences de la nature et sciences humaines. |
| 700 10 - ADDED ENTRY--PERSONAL NAME | |
| Personal name | Auchlin, Antoine |
| Relator term | author |
| 856 41 - ELECTRONIC LOCATION AND ACCESS | |
| Uniform Resource Identifier | <a href="https://shs.cairn.info/introduction-a-la-linguistique-contemporaine--9782200635381?lang=fr&redirect-ssocas=7080">https://shs.cairn.info/introduction-a-la-linguistique-contemporaine--9782200635381?lang=fr&redirect-ssocas=7080</a> |
Pas d'exemplaire disponible.




Réseaux sociaux